| 000 | nam a22 7a 4500 | ||
|---|---|---|---|
| 999 |
_c30393 _d30392 |
||
| 003 | OSt | ||
| 005 | 20180123101428.0 | ||
| 008 | 180123b ||||| |||| 00| 0 eng d | ||
| 020 | _a9782080702920 | ||
| 040 |
_aMMU _beng _cMMU _dMMU |
||
| 050 | _aPQ2349.C7 1977 | ||
| 245 |
_aContes du jour et de la nuit/ _cGuy De Maupassant |
||
| 260 |
_aParis: _bGarnier Flammarion, _c1977. |
||
| 300 | _a251p.; | ||
| 600 | _zm | ||
| 650 | _acontes du jour et de la nuit | ||
| 942 |
_2lcc _cLOAN LOAN |
||